| 000 | 00741nam a2200241 a 4500 | ||
|---|---|---|---|
| 001 | 000024215 | ||
| 005 | 20200930022821.0 | ||
| 008 | 110120s1982 xxu r 000 | spa d | ||
| 040 |
_aDO-SdBNP _bspa _cBNPHU |
||
| 041 | 1 | 7 | _aeng |
| 041 | 1 | 7 | _aspa |
| 082 |
_aCH861.44 _bG289d |
||
| 100 | 1 |
_aGazmuri, Gabriela _949738 |
|
| 245 | 1 | 0 |
_aDel amor y de la tierra / _cGabriela Gazmuri; prólogo de Moraima de Semprum Donahue. |
| 246 | 1 | 1 | _aOf love and of the land |
| 260 |
_aMaryland, (Estados Unidos) : _b[s.n.], _c1982. |
||
| 300 |
_a89 p. ; _c23 cm. |
||
| 500 | _aEscrito en dos idiomas | ||
| 650 | 4 |
_aPoesía chilena _99166 |
|
| 650 | 4 |
_aLiteratura chilena _93164 |
|
| 700 | 1 |
_aMoraima de Semprum Donahue, _epról. _949739 |
|
| 049 | _aBNGR | ||
| 999 |
_c23709 _d23709 |
||